| 000 | 00602na a2200205 4500 | ||
|---|---|---|---|
| 001 | 15001 | ||
| 003 | MIRAKIL | ||
| 005 | 20181213154904.0 | ||
| 008 | 160902b tu 000 0 | ||
| 040 |
_aMilas _btur _cTR-AnCHP |
||
| 082 |
_a923.5 Maruflu,S _bM26b 2006 |
||
| 090 | _a923.5 Maruflu,S M26b 2006 | ||
| 100 | _aMaruflu, Selçuk | ||
| 245 |
_aBugün gibi _banılar, fikirler ve öneriler _cSelçuk Maruflu |
||
| 260 |
_a[y.y] _b[ yayl. y.] _c2008 |
||
| 300 |
_a614 s. _bfotg. _c24 sm. |
||
| 600 |
_aMaruflu, Selçuk _xAnılar |
||
| 650 |
_aMilletvekilleri _xAnılar _zTürkiye |
||
| 942 |
_2ddc _cBKS |
||
| 999 |
_c2616 _d2616 |
||